Elizbarrutiko Arte Sakratuaren Museoa (Record no. 66457)
[ view plain ]
| 000 -LEADER | |
|---|---|
| campo de control de longitud fija | 01206nam a2200289 i 4500 |
| 001 - NÚMERO DE CONTROL | |
| campo de control | 66457 |
| 003 - IDENTIFICADOR DE NÚMERO DE CONTROL | |
| campo de control | ES-MaACL |
| 005 - FECHA Y HORA DE LA ÚLTIMA TRANSACCIÓN | |
| campo de control | 20230906165642.0 |
| 007 - CAMPO FIJO DE DESCRIPCIÓN FÍSICA--INFORMACIÓN GENERAL | |
| campo de control de longitud fija | t| |
| 008 - DATOS DE LONGITUD FIJA--INFORMACIÓN GENERAL | |
| campo de control de longitud fija | 990909s1999 sp ||||0| baq d |
| 020 ## - NÚMERO INTERNACIONAL ESTÁNDAR DEL LIBRO | |
| Número Internacional Estándar del Libro | 84-7821-394-5 |
| 040 ## - FUENTE DE CATALOGACIÓN | |
| Centro catalogador/agencia de origen | M-BN |
| Lengua de catalogación | spa |
| Centro/agencia transcriptor | M-BN |
| 080 ## - NÚMERO DE LA CLASIFICACIÓN DECIMAL UNIVERSAL | |
| Número de la Clasificación Decimal Universal | 7.046.3:069.5(460.156 V.) |
| 110 2# - ENTRADA PRINCIPAL--NOMBRE DE ENTIDAD CORPORATIVA | |
| Nombre de entidad corporativa o nombre de jurisdicción como elemento de entrada | Museo Diocesano de Arte Sacro (Vitoria-Gasteiz) |
| 9 (RLIN) | 5871 |
| 245 10 - MENCIÓN DEL TÍTULO | |
| Título | Elizbarrutiko Arte Sakratuaren Museoa |
| Resto del título | : = Museo Diocesano de Arte Sacro / |
| Mención de responsabilidad, etc. | [koordinazioa, Félix López López de Ulibarri, Arantza Dabouza Salcedo ; testuak, Mikel Mintegi Areitioaurtena ... et al.]. |
| 260 ## - PUBLICACIÓN, DISTRIBUCIÓN, ETC. | |
| Lugar de publicación, distribución, etc. | [Vitoria-Gasteiz] : |
| Nombre del editor, distribuidor, etc. | Elizbarrutiko Arte Sakratuaren Museoa = Museo Diocesano de Arte Sacro, |
| Fecha de publicación, distribución, etc. | [1999] |
| 300 ## - DESCRIPCIÓN FÍSICA | |
| Extensión | 228 p : |
| Otras características físicas | il. col ; |
| Dimensiones | 22 x 22 cm. |
| 500 ## - NOTA GENERAL | |
| Nota general | Texto en vasco y castellano. |
| 504 ## - NOTA DE BIBLIOGRAFÍA, ETC. | |
| Nota de bibliografía, etc. | Bibliografía p. 225-228. |
| 610 27 - PUNTO DE ACCESO ADICIONAL DE MATERIA--NOMBRE DE ENTIDAD CORPORATIVA | |
| Nombre de entidad corporativa o nombre de jurisdicción como elemento de entrada | Museo Diocesano de Arte Sacro (Vitoria-Gasteiz)- |
| Subdivisión de forma | Catálogos. |
| 9 (RLIN) | 5872 |
| 700 1# - ENTRADA AGREGADA--NOMBRE PERSONAL | |
| Nombre de persona | Mintegi Areitioaurtena, Mikel. |
| 9 (RLIN) | 81378 |
| 700 1# - ENTRADA AGREGADA--NOMBRE PERSONAL | |
| Nombre de persona | López López de Ullibarri, Félix. |
| 9 (RLIN) | 73736 |
| 700 1# - ENTRADA AGREGADA--NOMBRE PERSONAL | |
| Nombre de persona | Dabouza Salcedo, Arantza. |
| 9 (RLIN) | 42403 |
| 740 0# - ENTRADA AGREGADA--TÍTULO RELACIONADO/ANALÍTICO NO CONTROLADO | |
| Título relacionado o analítico no controlado | Museo Diocesano de Arte Sacro. |
| 852 ## - LOCALIZACIÓN | |
| Ubicación | ES-MaACL |
| Número de control de estantería | L-26903 |
| Sublocalización o colección | R.132346 |
| Estatus retirado | Estado de pérdida | Estado de daño | No para préstamo | Biblioteca de origen | Biblioteca actual | Ubicación en estantería | Fecha de adquisición | Fuente de adquisición | Total de préstamos | Signatura topográfica completa | Código de barras | Visto por última vez | Precio de reemplazo | Tipo de ítem Koha |
|---|---|---|---|---|---|---|---|---|---|---|---|---|---|---|
| Biblioteca del Ateneo de Madrid | Biblioteca del Ateneo de Madrid | Depósito 2 | 17/01/2008 | L-26903 | 1069619 | 23/02/2023 | 23/02/2023 | Libro impreso |
